লোডিং...
Hand book of food and nutrition
| প্রধান লেখক: | |
|---|---|
| বিন্যাস: | Printed Book |
| ভাষা: | Undetermined English |
| প্রকাশিত: |
Madras
Ganesh & Co
1977
|
| বিষয়গুলি: |
| LEADER | 00517nam a2200169Ia 4500 | ||
|---|---|---|---|
| 008 | 140306s9999 xx 000 0 und d | ||
| 041 | |a eng | ||
| 082 | |a 641.102 |b SWA | ||
| 100 | |a Swaminathan, M | ||
| 245 | |a Hand book of food and nutrition | ||
| 260 | |a Madras |b Ganesh & Co |c 1977 | ||
| 300 | |a 288 | ||
| 650 | |a food | ||
| 650 | |a nutrition | ||
| 942 | |2 ddc |c BK | ||
| 999 | |c 69729 |d 69729 | ||
| 952 | |0 0 |1 0 |2 ddc |4 0 |6 641_102000000000000_SWA |7 0 |9 76079 |a KAUACV |b KAUACV |d 2004-06-04 |o 641.102 SWA |p KAU_ACV-16899 |r 2014-03-22 |w 2014-03-22 |y BK | ||